| 000 | 00000nam##2200000za#4500 |
| 001 | 9.624997 |
| 003 | CaOODSP |
| 005 | 20240212134142 |
| 007 | ta |
| 008 | 150406|1999||||xxc||||| f|0| 0 fre|d |
| 020 | |a0-662-83514-X |
| 022 | |a1713-0646 |
| 040 | |aCaOODSP|bfre |
| 043 | |an-cn--- |
| 086 | 1 |aNE22-1/1999-2F |
| 110 | 1 |aCanada. |bOffice national de l'énergie. |
| 245 | 10|aVector Pipeline Partnership : |bdemande en date du 6 juillet 1998, Projet de gazoduc Vector |
| 260 | |aOttawa - Ontario : |bOffice national de l'énergie |c1999. |
| 300 | |aPagination multiple. : |bfigures, tableau ; |c28 cm. |
| 490 | 1 |aMotifs de décision|x1713-0646 |
| 500 | |aN.B.: Le numéro de catalogue (NE22-1/1999-14F) imprimé dans cette publication est incorrect. |
| 563 | |aCouverture souple |
| 590 | |a99-21|b1999-05-28 |
| 691 | 07|aPipeline|2gcpds |
| 775 | 08|tVector Pipeline Limited partnership : |w(CaOODSP)9.614743 |
| 776 | 0#|tMotifs de décision relativement à Vector Pipeline Limited Partnership : |w(CaOODSP)9.602924 |
| 830 | #0|aMotifs de décision (Canada. Office national de l'énergie)|x1713-0646|w(CaOODSP)9.513162 |
| 986 | |aGH-5-98 |